| 000 | 01572cam a2200325 a 4500 | ||
|---|---|---|---|
| 001 | 2842495 | ||
| 005 | 20151112115314.0 | ||
| 008 | 841002s1984 pau b 101 0 eng | ||
| 010 | _a 84023457 | ||
| 020 |
_a0819143928 (University Press of America : alk. paper) : _c$23.75 |
||
| 020 |
_a0819143936 (University Press of America : pbk. : alk. paper) : _c$12.75 |
||
| 040 |
_aDLC _cDLC _dDLC |
||
| 050 | 0 | 0 |
_aB2798 _b.K2227 1984 |
| 082 | 0 | 0 |
_a142 _219 |
| 245 | 0 | 0 |
_aKant and phenomenology / _cThomas M. Seebohm and Joseph J. Kockelmans, editors. |
| 260 |
_a[Pittsburgh, Pa.] : _bCenter for Advanced Research in Phenomenology ; _aWashington, D.C. : _bUniversity Press of America, _c1984. |
||
| 300 |
_axiv, 234 p. ; _c23 cm. |
||
| 440 | 0 |
_aCurrent continental research ; _v004 _921078 |
|
| 500 | _a"Selection of papers from the conference entitled 'Kant and phenomenology' held ... August 1981 at the Pennsylvania State University ... sponsored by the Center for Advanced Research in Phenomenology, Inc., and the Department of Philosophy at PSU"--Pref. | ||
| 500 | _aIncludes indexes. | ||
| 504 | _aBibliography: p. 203-214. | ||
| 600 | 1 | 0 |
_aKant, Immanuel, _d1724-1804 _xCongresses. _921079 |
| 650 | 0 |
_aPhenomenology _xCongresses. _915356 |
|
| 700 | 1 |
_aSeebohm, Thomas M. _919833 |
|
| 700 | 1 |
_aKockelmans, Joseph J., _d1923- _919217 |
|
| 710 | 2 |
_aCenter for Advanced Research in Phenomenology. _921080 |
|
| 710 | 2 |
_aPennsylvania State University. _bDepartment of Philosophy. _921081 |
|
| 906 |
_a7 _bcbc _corignew _d1 _eocip _f19 _gy-gencatlg |
||
| 942 |
_2lcc _cMONOGRAPH |
||
| 999 |
_c123783 _d123783 |
||